000 00863nam a2200265Ia 4500
003 OSt
005 20220930094557.0
006 a|||||r|||| 00| 0
007 ta
008 220926b |||||||| |||| 00| 0 eng d
024 _a72220
037 _cTheses
040 _aCRL
_cCRL
_beng
041 _2eng
_aeng
100 _aAnsari Azaj Au.
_9555896
110 _aUniversity of Delhi. Faculty of Sciences. Department of Physics & Astrophysics
245 0 _aPolymorphic phase boundaries and light upconversion effects in Er3+ and Sn4+ modified BaTiO3 ceramics
260 _c2021
300 _a164p.
_ap.
_ccm.
650 _aPhysics
700 _a Sreenivas K. Gu.
_9555897
700 _aUniversity of Delhi. Faculty of Sciences. Department of Physics & Astrophysics
942 _cDIS
_2CC
999 _c887340
_d887340